International relations on film /

-д хадгалсан:
Номзүйн дэлгэрэнгүй
Үндсэн зохиолч: Gregg, Robert W. (autor)
Формат: Ном
Хэл сонгох:англи
Хэвлэсэн: Boulder, EUA : Lynne Rienner, 1998, c1998
Нөхцлүүд:
Шошгууд: Шошго нэмэх
Шошго байхгүй, Энэхүү баримтыг шошголох эхний хүн болох!

MARC

LEADER 00000nam^a2200000^a^4500
001 000112363
005 20250521000000.0
009 20260310093905.758
020 |a 1-55587-659-5 
037 |a Acervo ITESO - Biblioteca 
041 |a ING 
082 |a 327.  |b GRE 
100 |a Gregg, Robert W.  |e (autor) 
245 1 0 |a International relations on film /  |c R.W. Gregg. 
264 4 |a Boulder, EUA :  |b Lynne Rienner,  |c 1998, c1998 
300 |a 310 p. 
336 |a texto  |b txt  |2 rdacontenido 
337 |a sin mediación  |b n  |2 rdamedio 
338 |a volumen  |b nc  |2 rdasoporte 
649 |a XX 
650 |a Soberanía 
650 |a Nacionalismo 
650 |a Espionaje y Contraespionaje 
650 |a Guerra y Paz 
650 |a Derecho Internacional 
650 |a Política 
650 |a Relaciones Internacionales en el Cine 
650 |a Política en el Cine 
650 |a Cine -  |x Función Educativa-Cultural 
650 |a Apoyos Didácticos 
650 |a Metodología Educativa 
650 |a Relaciones Internacionales -  |x Estudio y Enseñanza 
910 |a Fondo General 
920 |a Impresos - Libros 
930 |a Colección General 
905 |a 101 
901 |a 0500048868  |b IT1  |c ACC  |u 20250521 
901 |a 0500048894  |b IT1  |c ACC  |u 20250521 
902 |a https://opac.biblio.iteso.mx/vufind/Record/000112363